Estudio de Opinión Pública Unimer RI - La Nación enero 2002: efectuada entre el 8 y el 11 de enero del 2002 /

Gespeichert in:
Bibliographische Detailangaben
1. Verfasser: Paniagua, Carlos G.
Körperschaft: Unimer Research International
Weitere Verfasser: García S, Cathalina
Format: Unbekannt
Veröffentlicht: San José: Unimer
Schlagworte:
Tags: Tag hinzufügen
Keine Tags, Fügen Sie den ersten Tag hinzu!

MARC

LEADER 00000 a2200000 04500
001 27912
003
008 991231s d
040
090 |a 186705  |b ENCUESTA  
100 |a Paniagua, Carlos G.  
110 |a Unimer Research International  
245 |a Estudio de Opinión Pública Unimer RI - La Nación enero 2002: efectuada entre el 8 y el 11 de enero del 2002 /  |c Carlos G. Paniagua 
260 |a San José:   |b Unimer  
300 |a s.p; 1 vol.  
650 |a COMPORTAMIENTO POLITICO  
650 |a ELECCIONES  
650 |a PODER LEGISLATIVO  
650 |a CUADROS ESTADISTICOS  
700 |a García S, Cathalina  
999 |c 16729  |d 16729